Countries by Web Domain - Statistics

General Stats
  • This quiz has been taken 48 times
  • The average score is 10 of 15
Answer Stats
Hint Answer % Correct
uk United Kingdom
100%
br Brazil
98%
ca Canada
95%
dk Denmark
93%
nz New Zealand
88%
de Germany
78%
nl Netherlands
73%
us The United States
70%
ie Ireland
58%
vn Vietnam
53%
za South Africa
50%
se Sweden
43%
my Malaysia
35%
bt Bhutan
25%
gw Guinea-Bissau
8%
No matching quizzes found
Score Distribution
Percent of People with Each Score
Percentile by Number Answered
Your Score History
You have not taken this quiz